000 00624nam a2200205Ia 4500
005 20250923144657.0
008 008 250917s9999 xx 000 0 eng d
037 _aTextual
040 _aDSWL
_beng
_cDSWL
041 _aeng
_2eng
084 _aYX;5-B-3PG,722'N5, N58
_qDSWL
100 _aDonnison, D.V.
_9827277
245 0 _aWelfare services in Canadian community
_cby D.V. Donnison
260 _aToronto
_bUniversity of Toronto Press
_c1958
300 _avii,200p.
365 _aUSD
_b5.95
925 _g5.95
942 _cTEXL
_hYX;5-B-3PG,722'N5, N58
999 _c1441931
_d1441931